[Event "4NCL Division 3 North"]
[Site "Bolton, ENG"]
[Date "2019.02.10"]
[Round "6.33"]
[White "Adams, Philip"]
[Black "Dobson, Graham"]
[Result "1/2-1/2"]
[WhiteElo "2080"]
[BlackElo "2012"]
[PlyCount "69"]
[EventDate "2019.02.10"]
[WhiteTeam "3Cs 2"]
[BlackTeam "Manchester Manticores 2"]

1. e4 c6 2. Nc3 d5 3. Nf3 dxe4 4. Nxe4 Nf6 5. Qe2 Bf5 6. Nxf6+ gxf6 7. d4 e6 8.
g3 Nd7 9. Bg2 Qc7 10. O-O O-O-O 11. c4 h5 12. Nh4 Bg4 13. Qe1 Bh6 14. Bxh6 Rxh6
15. Qe3 Rhh8 16. h3 Bf5 17. d5 Nb6 18. Nxf5 exf5 19. dxc6 bxc6 20. Qf3 f4 21.
gxf4 Rd4 22. b3 Rg8 23. Kh1 Rxf4 24. Qxc6 Qxc6 25. Bxc6 Kc7 26. Bg2 Nd7 27.
Rae1 Ne5 28. Re4 Nd3 29. Rxf4 Nxf4 30. Bf3 Nxh3 31. Bd5 Nf4 32. Rd1 Rd8 33. Rd4
Nxd5 34. cxd5 Kd6 35. Ra4 1/2-1/2

[Event "4NCL Division 3 North"]
[Site "Bolton, ENG"]
[Date "2019.02.10"]
[Round "6.34"]
[White "Lyth, John D"]
[Black "Ye, Kevin"]
[Result "1/2-1/2"]
[WhiteElo "2042"]
[BlackElo "1990"]
[PlyCount "28"]
[EventDate "2019.02.10"]
[WhiteTeam "Manchester Manticores 2"]
[BlackTeam "3Cs 2"]

1. d4 d5 2. Nf3 Nf6 3. c4 e6 4. g3 Be7 5. Bg2 O-O 6. O-O dxc4 7. Ne5 c5 8. dxc5
Qc7 9. Nxc4 Bxc5 10. Nba3 Nc6 11. Be3 Rd8 12. Qb3 Bxe3 13. Qxe3 Nd5 14. Qe4 Nf6
1/2-1/2

[Event "4NCL Division 3 North"]
[Site "Bolton, ENG"]
[Date "2019.02.10"]
[Round "6.35"]
[White "Tebelev, Michael"]
[Black "Hymer, Barry"]
[Result "1/2-1/2"]
[WhiteElo "1833"]
[BlackElo "2042"]
[PlyCount "94"]
[EventDate "2019.02.10"]
[WhiteTeam "3Cs 2"]
[BlackTeam "Manchester Manticores 2"]

1. d4 c6 2. c4 d6 3. Nf3 Nd7 4. Bf4 h6 5. h3 g5 6. Bh2 Bg7 7. Nc3 Qb6 8. Qd2
Ngf6 9. e3 Nf8 10. Bd3 Bd7 11. c5 dxc5 12. Na4 Qb4 13. Nxc5 Qxd2+ 14. Kxd2 Bc8
15. Rab1 Ne6 16. b4 O-O 17. Rhc1 Rd8 18. Ke1 Nd5 19. a3 a6 20. Be2 f5 21. Be5
g4 22. hxg4 fxg4 23. Nd2 Bxe5 24. dxe5 Ng5 25. Bc4 Kg7 26. Bxd5 Rxd5 27. Nc4
Bf5 28. Ra1 Rb8 29. Nb6 Rdd8 30. Rc4 h5 31. Rd1 Rxd1+ 32. Kxd1 h4 33. Ke2 Rh8
34. Kf1 h3 35. Kg1 hxg2 36. Kxg2 Nf3 37. Kg3 Nxe5 38. Rf4 e6 39. Nbd7 Ng6 40.
Rc4 Rh3+ 41. Kg2 Nh4+ 42. Kf1 b6 43. Nxb6 Nf3 44. Ke2 Rh1 45. e4 Re1+ 46. Kd3
Ne5+ 47. Kd2 Nf3+ 1/2-1/2

[Event "4NCL Division 3 North"]
[Site "Bolton, ENG"]
[Date "2019.02.10"]
[Round "6.36"]
[White "Newton, Robert A"]
[Black "Abbas, Ahmed C"]
[Result "1-0"]
[WhiteElo "2035"]
[BlackElo "1675"]
[PlyCount "91"]
[EventDate "2019.02.10"]
[WhiteTeam "Manchester Manticores 2"]
[BlackTeam "3Cs 2"]

1. d4 Nf6 2. c4 g6 3. Nc3 Bg7 4. e4 d6 5. h3 O-O 6. Be3 e5 7. d5 Na6 8. Bd3 Nh5
9. Nge2 Nc5 10. g4 Nf6 11. Bc2 a5 12. f3 Ne8 13. Ng3 Qh4 14. Bf2 Qe7 15. Qd2
Rb8 16. h4 c6 17. a4 Qf6 18. Qe2 Na6 19. Be3 Nb4 20. Bb1 cxd5 21. cxd5 Qd8 22.
h5 Bf6 23. Qh2 g5 24. h6 Kh8 25. Qd2 Rg8 26. Ra3 Bd7 27. Bd3 Nc7 28. Bb6 Nxd3+
29. Qxd3 Ra8 30. Qc4 Rc8 31. Bxa5 Qe8 32. Bxc7 Bd8 33. Bxd8 Qxd8 34. Qb4 Qf6
35. Nce2 Rc7 36. Nf5 Rg6 37. Rc3 Rxc3 38. Qxc3 Bxf5 39. exf5 Rxh6 40. Rxh6 Qxh6
41. a5 Qh1+ 42. Kd2 Qa1 43. f6 h5 44. gxh5 Kh7 45. b4 Qa2+ 46. Qc2+ 1-0

[Event "4NCL Division 3 North"]
[Site "Bolton, ENG"]
[Date "2019.02.10"]
[Round "6.41"]
[White "Watson, Phil R"]
[Black "Acey, Gerald"]
[Result "1-0"]
[WhiteElo "2132"]
[BlackElo "2110"]
[PlyCount "37"]
[EventDate "2019.02.10"]
[WhiteTeam "Bradford DCA Knights B"]
[BlackTeam "Cheddleton 2"]

1. d4 d5 2. c4 e6 3. Nc3 Nf6 4. Bg5 Be7 5. e3 Nbd7 6. Nf3 O-O 7. Qc2 a6 8. a3
dxc4 9. Bxc4 b5 10. Bd3 c5 11. Bxf6 Nxf6 12. dxc5 Bxc5 13. Ne4 Qa5+ 14. Ke2 Be7
15. Nxf6+ Bxf6 16. Bxh7+ Kh8 17. Be4 Rb8 18. Qc5 Bd7 19. Qh5+ 1-0

[Event "4NCL Division 3 North"]
[Site "Bolton, ENG"]
[Date "2019.02.10"]
[Round "6.42"]
[White "Boswell, Jacob Connor"]
[Black "Sullivan, Daniel"]
[Result "1/2-1/2"]
[WhiteElo "2095"]
[BlackElo "1956"]
[PlyCount "45"]
[EventDate "2019.02.10"]
[WhiteTeam "Cheddleton 2"]
[BlackTeam "Bradford DCA Knights B"]

1. e4 e5 2. Nf3 Nc6 3. Bb5 Nf6 4. d3 Bc5 5. O-O d6 6. h3 O-O 7. c3 Ne7 8. d4
Bb6 9. Bd3 Ng6 10. Na3 c6 11. Nc4 Bc7 12. a4 d5 13. Ncd2 dxe4 14. Nxe4 Nxe4 15.
Bxe4 exd4 16. Nxd4 Qd6 17. Nf3 Ne5 18. Qxd6 Nxf3+ 19. Bxf3 Bxd6 20. Rd1 Bc7 21.
a5 a6 22. Be3 Be6 23. b4 1/2-1/2

[Event "4NCL Division 3 North"]
[Site "Bolton, ENG"]
[Date "2019.02.10"]
[Round "6.43"]
[White "Slinger, Tony J"]
[Black "Richardson, Alex"]
[Result "1/2-1/2"]
[WhiteElo "1854"]
[BlackElo "2142"]
[PlyCount "43"]
[EventDate "2019.02.10"]
[WhiteTeam "Bradford DCA Knights B"]
[BlackTeam "Cheddleton 2"]

1. d4 e6 2. Nf3 Nf6 3. e3 c5 4. Bd3 d5 5. b3 Nc6 6. Bb2 Bd6 7. Nbd2 O-O 8. O-O
Qe7 9. Ne5 Qc7 10. f4 cxd4 11. exd4 Nb4 12. Ndf3 Nxd3 13. Qxd3 Ne4 14. c4 f6
15. c5 Be7 16. Nc4 Qxf4 17. Ne3 Rd8 18. Nd2 Qh4 19. g3 Nxg3 20. Ng2 Qh6 21.
hxg3 b6 22. c6 1/2-1/2

[Event "4NCL Division 3 North"]
[Site "Bolton, ENG"]
[Date "2019.02.10"]
[Round "6.44"]
[White "Floresc, Petru"]
[Black "Baxter, Harold"]
[Result "1-0"]
[WhiteElo "1967"]
[BlackElo "1880"]
[PlyCount "79"]
[EventDate "2019.02.10"]
[WhiteTeam "Cheddleton 2"]
[BlackTeam "Bradford DCA Knights B"]

1. c4 Nf6 2. Nc3 d5 3. cxd5 Nxd5 4. e4 Nxc3 5. bxc3 g6 6. Bc4 Bg7 7. Nf3 O-O 8.
Rb1 Nc6 9. d4 Na5 10. Be2 c5 11. O-O Bg4 12. Be3 f5 13. e5 f4 14. Bc1 cxd4 15.
cxd4 Be6 16. Bd2 Bd5 17. Qa4 Nc6 18. Bc3 a6 19. Rfc1 b5 20. Qa3 e6 21. Bb4 Nxb4
22. Rxb4 Rf7 23. Rb2 Rc8 24. Rd1 Rc6 25. Qb4 Bf8 26. Qd2 Ba3 27. Rc2 Qc7 28.
Rxc6 Qxc6 29. Ng5 Rf5 30. h4 Bxg2 31. Nxe6 Bh3 32. d5 Qc8 33. Qd3 f3 34. Bxf3
h5 35. Qxa3 Rxe5 36. Qb2 Rxe6 37. dxe6 Bxe6 38. Qf6 Kh7 39. Rd8 Qc1+ 40. Bd1
1-0

[Event "4NCL Division 3 North"]
[Site "Bolton, ENG"]
[Date "2019.02.10"]
[Round "6.45"]
[White "Holliday, John K"]
[Black "Davison, Colin F S"]
[Result "0-1"]
[WhiteElo "1842"]
[BlackElo "1850"]
[PlyCount "90"]
[EventDate "2019.02.10"]
[WhiteTeam "Bradford DCA Knights B"]
[BlackTeam "Cheddleton 2"]

1. e4 e6 2. d4 d5 3. Nd2 Nf6 4. e5 Nfd7 5. Ngf3 c5 6. c3 Nc6 7. Bb5 Qb6 8. Qe2
a6 9. Bxc6 bxc6 10. dxc5 Nxc5 11. O-O a5 12. Re1 Ba6 13. Qe3 Rb8 14. Nb3 Nd3
15. Qxb6 Rxb6 16. Be3 Rb8 17. Re2 a4 18. Na5 Kd7 19. b4 c5 20. a3 Be7 21. Rd2
Rhc8 22. Ne1 cxb4 23. cxb4 Nxe1 24. Rxe1 Rc3 25. Ra1 Rbc8 26. g3 f6 27. Bd4
Rc1+ 28. Rxc1 Rxc1+ 29. Kg2 fxe5 30. Bxe5 Bf6 31. Bxf6 gxf6 32. f4 Ra1 33. Rb2
Bb5 34. Nb7 Rxa3 35. Nc5+ Ke7 36. g4 Rc3 37. Nxa4 Bxa4 38. b5 Rb3 39. Ra2 Bxb5
40. Ra7+ Bd7 41. g5 fxg5 42. fxg5 e5 43. h4 Rb4 44. Ra5 Rxh4 45. Rxd5 Bc6 0-1

[Event "4NCL Division 3 North"]
[Site "Bolton, ENG"]
[Date "2019.02.10"]
[Round "6.46"]
[White "Edwards, Roger J"]
[Black "Adam, David W"]
[Result "1-0"]
[WhiteElo "1609"]
[BlackElo "1837"]
[PlyCount "69"]
[EventDate "2019.02.10"]
[WhiteTeam "Cheddleton 2"]
[BlackTeam "Bradford DCA Knights B"]

1. e4 c5 2. Nc3 Nc6 3. Bb5 Nd4 4. Ba4 a6 5. d3 b5 6. Bb3 Nxb3 7. axb3 d6 8.
Nxb5 Bb7 9. Na3 g6 10. Bd2 Bg7 11. Nc4 e6 12. Nf3 Nf6 13. O-O O-O 14. Ba5 Qe7
15. Bc3 e5 16. b4 cxb4 17. Bxb4 Ne8 18. Ra5 Rb8 19. Nfxe5 Qe6 20. Nf3 Bxe4 21.
c3 Bb7 22. Re1 Qd7 23. Qe2 Bf6 24. Qe3 Bd8 25. Ra3 Qc8 26. Nxd6 Nxd6 27. Bxd6
Bxf3 28. Qxf3 Rxb2 29. Bxf8 Kxf8 30. d4 Be7 31. Ra5 Rc2 32. Qe3 Qc7 33. Qh6+
Kg8 34. Rc5 Qd6 35. Rxe7 1-0

[Event "4NCL Division 3 North"]
[Site "Bolton, ENG"]
[Date "2019.02.10"]
[Round "6.51"]
[White "Carpenter, Martin"]
[Black "Collins, Richard A"]
[Result "1/2-1/2"]
[WhiteElo "2016"]
[BlackElo "1930"]
[PlyCount "88"]
[EventDate "2019.02.10"]
[WhiteTeam "Jorvik"]
[BlackTeam "Manchester Manticores 3"]

1. e4 c6 2. d4 d5 3. e5 Bf5 4. Be3 e6 5. Nd2 Nd7 6. Ngf3 a6 7. Be2 c5 8. c4
cxd4 9. Nxd4 Nxe5 10. Nxf5 exf5 11. Qa4+ Qd7 12. Qxd7+ Kxd7 13. cxd5 Nf6 14.
O-O Bd6 15. Bd4 Rhe8 16. f4 Neg4 17. Bd3 Ne4 18. Nc4 Ke7 19. Rae1 Bb4 20. Bxe4
fxe4 21. Rxe4+ Kf8 22. Rxe8+ Rxe8 23. Ne5 Nf6 24. Nd3 Bd6 25. Bxf6 gxf6 26. g3
Re4 27. Rd1 Re2 28. h4 Rc2 29. Kf1 Ke7 30. Re1+ Kd7 31. Re2 Rc4 32. Nf2 f5 33.
Rd2 Bb4 34. Re2 Bd6 35. Nd3 f6 36. Rd2 Rd4 37. Ke2 Re4+ 38. Kf3 Rd4 39. Rd1 Rc4
40. b3 Rc2 41. Nc1 Ba3 42. Ne2 Bc5 43. a4 Kd6 44. Rd3 Rb2 1/2-1/2

[Event "4NCL Division 3 North"]
[Site "Bolton, ENG"]
[Date "2019.02.10"]
[Round "6.52"]
[White "Tyton, Adam"]
[Black "Hodge, Steve R"]
[Result "0-1"]
[WhiteElo "1930"]
[BlackElo "1983"]
[PlyCount "104"]
[EventDate "2019.02.10"]
[WhiteTeam "Manchester Manticores 3"]
[BlackTeam "Jorvik"]

1. e4 c5 2. Nf3 Nc6 3. Bb5 g6 4. c3 Nf6 5. Qe2 Bg7 6. O-O O-O 7. d4 cxd4 8.
cxd4 d5 9. e5 Ne4 10. Nbd2 Nxd2 11. Bxd2 Bd7 12. Rac1 a6 13. Bd3 Qb6 14. Be3
Nb4 15. a3 Nxd3 16. Qxd3 Qxb2 17. Rb1 Bb5 18. Rxb2 Bxd3 19. Rc1 b5 20. Bg5 f6
21. exf6 exf6 22. Bf4 Rac8 23. Re1 Rfe8 24. Rxe8+ Rxe8 25. h3 Bf8 26. Rb3 Bc4
27. Rc3 Re2 28. Nd2 g5 29. Be3 b4 30. axb4 Bxb4 31. Rc2 a5 32. Rb2 Re1+ 33. Kh2
Bd3 34. Nf3 Ra1 35. Nd2 Kf7 36. Kg3 Kg6 37. Nf3 Bd6+ 38. Ne5+ Kf5 39. Rb6 Bxe5+
40. dxe5 Kxe5 41. Rxf6 Kxf6 42. Bd4+ Kf5 43. Bxa1 Ke4 44. Bf6 h6 45. Kg4 a4 46.
Ba1 Be2+ 47. Kg3 d4 48. Bb2 d3 49. Bc1 Kd4 50. h4 gxh4+ 51. Kxh4 Kc3 52. Bxh6
d2 0-1

[Event "4NCL Division 3 North"]
[Site "Bolton, ENG"]
[Date "2019.02.10"]
[Round "6.53"]
[White "White, Mark W"]
[Black "Hilton, Tim"]
[Result "1/2-1/2"]
[WhiteElo "2024"]
[BlackElo "1960"]
[PlyCount "83"]
[EventDate "2019.02.10"]
[WhiteTeam "Jorvik"]
[BlackTeam "Manchester Manticores 3"]

1. e4 c5 2. Nf3 g6 3. d4 cxd4 4. Nxd4 Nc6 5. Nc3 Bg7 6. Be3 Nf6 7. f3 O-O 8.
Qd2 d5 9. Nxc6 bxc6 10. e5 Ne8 11. f4 Nc7 12. Be2 Ne6 13. Rd1 f6 14. exf6 Bxf6
15. Bg4 Rb8 16. b3 Qa5 17. Bxe6+ Bxe6 18. Na4 Qc7 19. O-O Bg4 20. Rde1 e5 21.
h3 Bf5 22. fxe5 Bxe5 23. Kh1 Rfe8 24. Nc5 Qd6 25. Nd3 Bg3 26. Rd1 d4 27. Bf4
Bxf4 28. Nxf4 Rbd8 29. b4 Qf6 30. Nd3 Re3 31. Nc5 Qh4 32. Qf2 Qg5 33. Qf4 Qxf4
34. Rxf4 Bxc2 35. Rfxd4 Rxd4 36. Rxd4 Ra3 37. Rd6 Rxa2 38. Rxc6 Rb2 39. Rc7
Rxb4 40. Rxa7 Bf5 41. g4 Be4+ 42. Nxe4 1/2-1/2

[Event "4NCL Division 3 North"]
[Site "Bolton, ENG"]
[Date "2019.02.10"]
[Round "6.54"]
[White "Trueman, Glenn"]
[Black "Cowan, Richard M"]
[Result "0-1"]
[WhiteElo "1877"]
[BlackElo "1902"]
[PlyCount "94"]
[EventDate "2019.02.10"]
[WhiteTeam "Manchester Manticores 3"]
[BlackTeam "Jorvik"]

1. e4 c6 2. d4 d5 3. exd5 cxd5 4. Bd3 Nc6 5. c3 Qc7 6. h3 g6 7. Na3 a6 8. Ne2
Bf5 9. Bf4 Qd7 10. O-O Nf6 11. Nc2 Bxd3 12. Qxd3 Bg7 13. Ne1 Ne4 14. Qe3 h5 15.
f3 Nd6 16. Nd3 O-O 17. Rae1 b6 18. Qf2 Rad8 19. Ne5 Qc8 20. Nxc6 Qxc6 21. Nc1
e6 22. Qe2 a5 23. Nd3 Qc4 24. a3 b5 25. Qd2 h4 26. Ne5 Qc8 27. Bh6 Nf5 28. Bxg7
Kxg7 29. Ng4 b4 30. axb4 axb4 31. Re5 Rd6 32. Rc1 Rc6 33. Ree1 bxc3 34. bxc3
Qd8 35. Ne5 Rc7 36. Nd3 Qd6 37. Ne5 Rfc8 38. Ng4 Rh8 39. Ne5 Rh5 40. Nd3 Qg3
41. Qf4 Rh8 42. Qd2 Ra8 43. Ra1 Rca7 44. Rxa7 Rxa7 45. Ne5 Ra2 46. Qxa2 Qxe1+
47. Kh2 Ng3 0-1

[Event "4NCL Division 3 North"]
[Site "Bolton, ENG"]
[Date "2019.02.10"]
[Round "6.55"]
[White "Flint, Martina"]
[Black "Potter, Steven"]
[Result "1/2-1/2"]
[WhiteElo "1828"]
[BlackElo "1877"]
[PlyCount "71"]
[EventDate "2019.02.10"]
[WhiteTeam "Jorvik"]
[BlackTeam "Manchester Manticores 3"]

1. f4 b6 2. e4 Bb7 3. d3 e6 4. Nf3 d5 5. e5 d4 6. g3 Nc6 7. Bg2 Rb8 8. O-O Nh6
9. a3 Ne7 10. h3 c5 11. g4 Nd5 12. Kh2 Be7 13. Qe2 O-O 14. Ng5 Nxf4 15. Bxf4
Bxg5 16. Bxg5 Qxg5 17. Bxb7 Rxb7 18. Nd2 Rd7 19. Rad1 Rd5 20. Rde1 a5 21. Nc4
Qd8 22. a4 Rd7 23. Qe4 Qb8 24. Qc6 Rb7 25. Nd6 Rc7 26. Qe4 Rd7 27. Nc4 f5 28.
Qc6 Re7 29. g5 Nf7 30. h4 Nd8 31. Qxb6 Qxb6 32. Nxb6 Nc6 33. b3 Nb4 34. Rf2 Rb8
35. Nc4 Ra8 36. Nd6 1/2-1/2

[Event "4NCL Division 3 North"]
[Site "Bolton, ENG"]
[Date "2019.02.10"]
[Round "6.56"]
[White "Jones, Neil T"]
[Black "Anderson, Paul W"]
[Result "1-0"]
[WhiteElo "1840"]
[BlackElo "1779"]
[PlyCount "69"]
[EventDate "2019.02.10"]
[WhiteTeam "Manchester Manticores 3"]
[BlackTeam "Jorvik"]

1. e4 e5 2. Bc4 d6 3. Nf3 Be7 4. d4 Nd7 5. dxe5 dxe5 6. Qd5 Bb4+ 7. c3 Qe7 8.
cxb4 Ngf6 9. Qd3 Qxb4+ 10. Qc3 Qe7 11. Nbd2 O-O 12. O-O b6 13. Re1 Bb7 14. b4
Ne8 15. Bb2 b5 16. Bxb5 f6 17. Nb3 c6 18. Bc4+ Kh8 19. Na5 Nb6 20. Bb3 Nd6 21.
a4 Rfc8 22. Nxb7 Nxb7 23. a5 Nd7 24. Rad1 c5 25. a6 Nd8 26. Qd2 Nb6 27. bxc5
Qxc5 28. Rc1 Qb5 29. Rxc8 Rxc8 30. Bd5 Nxd5 31. exd5 Qxa6 32. Qb4 Kg8 33. Ba3
Nb7 34. Qe7 Qb5 35. Qe6+ 1-0

[Event "4NCL Division 3 North"]
[Site "Bolton, ENG"]
[Date "2019.02.10"]
[Round "6.61"]
[White "McCarthy, Damian"]
[Black "Johnson, Michael D"]
[Result "1-0"]
[WhiteElo "1847"]
[BlackElo "1969"]
[PlyCount "49"]
[EventDate "2019.02.10"]
[WhiteTeam "Bradford DCA Knights C"]
[BlackTeam "Spirit of Atticus B"]

1. e4 e6 2. d4 d5 3. Nc3 Bb4 4. e5 c5 5. a3 Bxc3+ 6. bxc3 Qa5 7. Bb2 Qa4 8. Qg4
g6 9. Qd1 cxd4 10. Rb1 a6 11. Nf3 dxc3 12. Bxc3 Nc6 13. Bd3 Qxa3 14. Qd2 h5 15.
O-O Nh6 16. Nd4 Nxd4 17. Bxd4 Nf5 18. Bc3 Qc5 19. Bb4 Qc6 20. Rb3 Qd7 21. Bxf5
gxf5 22. Qg5 f6 23. Qxf6 Rg8 24. Rg3 Rxg3 25. Qf8# 1-0

[Event "4NCL Division 3 North"]
[Site "Bolton, ENG"]
[Date "2019.02.10"]
[Round "6.62"]
[White "Bimpson, Tom"]
[Black "Dean, Robert A"]
[Result "1-0"]
[WhiteElo "1966"]
[BlackElo "1827"]
[PlyCount "75"]
[EventDate "2019.02.10"]
[WhiteTeam "Spirit of Atticus B"]
[BlackTeam "Bradford DCA Knights C"]

1. e4 e6 2. d3 d5 3. Nd2 c5 4. Ngf3 Nc6 5. g3 Bd6 6. Bg2 Nge7 7. O-O Qc7 8. Re1
O-O 9. Nh4 Bd7 10. f4 f6 11. c4 d4 12. Ndf3 Rae8 13. Qe2 Nc8 14. Rf1 a6 15. Bh3
b5 16. b3 bxc4 17. bxc4 Nb6 18. f5 Na4 19. Ne1 Nc3 20. Qg2 exf5 21. Bxf5 Bxf5
22. Nxf5 Be5 23. Qf3 Ne7 24. Nxe7+ Qxe7 25. Ng2 Rb8 26. Nf4 Bxf4 27. Bxf4 Rb2
28. Rf2 Qb7 29. Raf1 Nxa2 30. Bd6 Rc8 31. Rxb2 Qxb2 32. Qf5 Qb7 33. e5 Nc3 34.
Qe6+ Kh8 35. exf6 gxf6 36. Be7 h5 37. Qxf6+ Kh7 38. Qf7+ 1-0

[Event "4NCL Division 3 North"]
[Site "Bolton, ENG"]
[Date "2019.02.10"]
[Round "6.63"]
[White "Johnson, Paul A"]
[Black "Cooper, John G"]
[Result "0-1"]
[WhiteElo "1820"]
[BlackElo "1936"]
[PlyCount "80"]
[EventDate "2019.02.10"]
[WhiteTeam "Bradford DCA Knights C"]
[BlackTeam "Spirit of Atticus B"]

1. d4 Nf6 2. Bf4 e6 3. e3 b6 4. Nf3 Bb7 5. Bd3 Be7 6. h3 O-O 7. Nbd2 c5 8. c3
cxd4 9. exd4 d6 10. Qe2 Nbd7 11. O-O Re8 12. Rfe1 Nf8 13. Rad1 a6 14. c4 Ng6
15. Bh2 Bc6 16. Ng5 Qd7 17. f4 b5 18. b3 bxc4 19. Nxc4 Nd5 20. Qf2 Qd8 21. Ne4
Nb4 22. Bb1 d5 23. a3 dxe4 24. axb4 Bxb4 25. Re2 f5 26. Bc2 a5 27. Qe3 Bb5 28.
Bb1 a4 29. Ba2 a3 30. Rc2 Rc8 31. Bg3 Re7 32. Be1 Bxe1 33. Rxe1 Rec7 34. Rec1
Qh4 35. Rf2 Rc6 36. Rcc2 Qe7 37. Qc1 Ra8 38. g3 Qa7 39. Qd1 Rd8 40. Rcd2 Bxc4
0-1

[Event "4NCL Division 3 North"]
[Site "Bolton, ENG"]
[Date "2019.02.10"]
[Round "6.64"]
[White "Miles, Richard"]
[Black "Bramson, Mike"]
[Result "1/2-1/2"]
[WhiteElo "1963"]
[BlackElo "1795"]
[PlyCount "62"]
[EventDate "2019.02.10"]
[WhiteTeam "Spirit of Atticus B"]
[BlackTeam "Bradford DCA Knights C"]

1. d4 d5 2. c4 e6 3. Nc3 c6 4. e3 f5 5. g4 fxg4 6. Qxg4 Nf6 7. Qg2 Nbd7 8. Nf3
Ne4 9. Nxe4 dxe4 10. Nd2 Nf6 11. Nxe4 Nxe4 12. Qxe4 Bb4+ 13. Bd2 Bxd2+ 14. Kxd2
Qf6 15. f4 c5 16. Qe5 cxd4 17. Qxd4 Qe7 18. Bd3 O-O 19. Rhg1 e5 20. Qxe5 Qxe5
21. fxe5 Rf2+ 22. Kc3 Rxh2 23. Rh1 Rxh1 24. Rxh1 h6 25. Be4 Kf7 26. Bd5+ Be6
27. Rf1+ Ke7 28. Bxb7 Rh8 29. Rg1 g5 30. Bd5 Rg8 31. Rh1 Rh8 1/2-1/2

[Event "4NCL Division 3 North"]
[Site "Bolton, ENG"]
[Date "2019.02.10"]
[Round "6.65"]
[White "Braham, Peter"]
[Black "Hulme, David I"]
[Result "0-1"]
[WhiteElo "1725"]
[BlackElo "1849"]
[PlyCount "52"]
[EventDate "2019.02.10"]
[WhiteTeam "Bradford DCA Knights C"]
[BlackTeam "Spirit of Atticus B"]

1. e4 e5 2. Nf3 Nc6 3. d4 exd4 4. Nxd4 Bc5 5. Nxc6 Qf6 6. Qf3 dxc6 7. Nc3 Be6
8. Qg3 Ne7 9. Be3 Bd6 10. f4 Bb4 11. Bd2 O-O-O 12. f5 Bxf5 13. Bg5 Qd4 14. exf5
Nxf5 15. Qd3 Qe5+ 16. Qe2 Bxc3+ 17. bxc3 Qxc3+ 18. Kf2 Qd4+ 19. Be3 Qxa1 20.
Qg4 g6 21. Rg1 Rd1 22. Bxa7 Qxa2 23. Be3 Qxc2+ 24. Be2 Rxg1 25. Kxg1 h5 26. Qf3
Re8 0-1

[Event "4NCL Division 3 North"]
[Site "Bolton, ENG"]
[Date "2019.02.10"]
[Round "6.71"]
[White "Lonsdale, Jon I"]
[Black "Scoular, Adam"]
[Result "1/2-1/2"]
[WhiteElo "1832"]
[BlackElo "1922"]
[PlyCount "36"]
[EventDate "2019.02.10"]
[WhiteTeam "Manchester Manticores 4"]
[BlackTeam "Bolton & Worsley"]

1. e4 c5 2. c3 d5 3. exd5 Qxd5 4. d4 Nf6 5. Nf3 Bg4 6. dxc5 Qxd1+ 7. Kxd1 Nbd7
8. b4 O-O-O 9. Kc2 Bf5+ 10. Kb2 Ne4 11. Be3 e5 12. Bb5 f6 13. Rd1 a6 14. Bc4
Kc7 15. Nbd2 Ndxc5 16. bxc5 Nxc5 17. a4 Rb8 18. Nh4 Bd7 1/2-1/2

[Event "4NCL Division 3 North"]
[Site "Bolton, ENG"]
[Date "2019.02.10"]
[Round "6.72"]
[White "Harman, George"]
[Black "Livesey, R Nigel"]
[Result "0-1"]
[WhiteElo "1810"]
[BlackElo "1825"]
[PlyCount "52"]
[EventDate "2019.02.10"]
[WhiteTeam "Bolton & Worsley"]
[BlackTeam "Manchester Manticores 4"]

1. e4 c6 2. d4 d5 3. exd5 cxd5 4. c4 Nf6 5. Nc3 e6 6. Nf3 Be7 7. cxd5 Nxd5 8.
Bd3 Nc6 9. O-O O-O 10. a3 Bf6 11. Bc2 g6 12. Bh6 Bg7 13. Bxg7 Kxg7 14. Bb3 Nce7
15. Ne5 b6 16. Rc1 Bb7 17. Qd2 Nf5 18. Rfd1 Rc8 19. Ne4 Qh4 20. Ng3 Nf4 21. Nf3
Bxf3 22. gxf3 g5 23. Nxf5+ exf5 24. Rxc8 Rxc8 25. Qe1 Qh3 26. Qf1 Qxf3 0-1

[Event "4NCL Division 3 North"]
[Site "Bolton, ENG"]
[Date "2019.02.10"]
[Round "6.73"]
[White "Newell, David F"]
[Black "Doherty, Paul"]
[Result "1-0"]
[WhiteElo "1847"]
[BlackElo "1787"]
[PlyCount "117"]
[EventDate "2019.02.10"]
[WhiteTeam "Manchester Manticores 4"]
[BlackTeam "Bolton & Worsley"]

1. Nf3 e6 2. c4 f5 3. g3 Nf6 4. Bg2 Be7 5. O-O O-O 6. Nc3 d6 7. d3 Qe8 8. e4 e5
9. Re1 c6 10. d4 f4 11. dxe5 dxe5 12. Nxe5 fxg3 13. hxg3 Bc5 14. Nd3 Bb6 15. c5
Bc7 16. Bf4 Na6 17. Bxc7 Nxc7 18. Nf4 Bg4 19. f3 Bd7 20. e5 Nh5 21. Nxh5 Rd8
22. Nf4 g5 23. Qb3+ Kh8 24. e6 gxf4 25. exd7 Qh5 26. g4 Qxc5+ 27. Kf1 Rxd7 28.
Ne4 Qe7 29. Ng3 Qf7 30. Qxf7 Rfxf7 31. Nf5 h5 32. Rad1 Nd5 33. Kf2 Kh7 34. Re4
Nf6 35. Red4 Rxd4 36. Rxd4 Nd5 37. Bf1 Kg6 38. Bc4 Rd7 39. Bxd5 cxd5 40. Rxd5
Rc7 41. Nd4 hxg4 42. fxg4 Rh7 43. Kf3 Rh2 44. Ne2 Kf6 45. Rf5+ Ke7 46. Rxf4 Rh1
47. g5 Rh8 48. Kg4 Rg8 49. Kh5 Rh8+ 50. Kg6 Rg8+ 51. Kh6 Rh8+ 52. Kg7 Rh2 53.
Re4+ Kd6 54. g6 a6 55. Kf7 Kd5 56. Re3 Rf2+ 57. Ke7 Rf5 58. g7 Rg5 59. Kf7 1-0

[Event "4NCL Division 3 North"]
[Site "Bolton, ENG"]
[Date "2019.02.10"]
[Round "6.74"]
[White "McElvenny, Damien"]
[Black "Pardoe, David"]
[Result "1/2-1/2"]
[WhiteElo "1780"]
[BlackElo "1742"]
[PlyCount "94"]
[EventDate "2019.02.10"]
[WhiteTeam "Bolton & Worsley"]
[BlackTeam "Manchester Manticores 4"]

1. e4 d5 2. exd5 Qxd5 3. Nc3 Qa5 4. d4 c6 5. Nf3 Nf6 6. h3 Bf5 7. Bd2 Qc7 8.
Bc4 e6 9. O-O Bd6 10. Re1 O-O 11. Nh4 Bg6 12. Nxg6 hxg6 13. Qf3 Nbd7 14. Bb3 b5
15. a3 a5 16. Na2 Nb6 17. Nc3 Nbd5 18. Nxd5 cxd5 19. Qd3 Rfb8 20. Rec1 Ne4 21.
Be1 Qb6 22. f3 Nf6 23. Bf2 Bc7 24. g3 a4 25. Ba2 Nh5 26. Kh2 Qd6 27. Rg1 b4 28.
axb4 Rxb4 29. Rab1 Rab8 30. b3 axb3 31. Bxb3 Kf8 32. Ra1 R4b5 33. f4 Nf6 34.
Rgb1 Ne4 35. Be1 R5b7 36. Ra6 Rb6 37. Rba1 Kg8 38. Ra8 Nf6 39. Rxb8+ Bxb8 40.
Qc3 Kh7 41. Qc8 Rc6 42. Qb7 Rc7 43. Qa8 Rc6 44. Qb7 Qc7 45. Qb4 Qd6 46. Qa5 Qc7
47. Qa4 Ne4 1/2-1/2

[Event "4NCL Division 3 North"]
[Site "Bolton, ENG"]
[Date "2019.02.10"]
[Round "6.75"]
[White "Grindrod, John"]
[Black "Lamb, Ian"]
[Result "1/2-1/2"]
[WhiteElo "1682"]
[BlackElo "1690"]
[PlyCount "56"]
[EventDate "2019.02.10"]
[WhiteTeam "Manchester Manticores 4"]
[BlackTeam "Bolton & Worsley"]

1. c4 c5 2. Nc3 Nc6 3. g3 Nf6 4. Bg2 g6 5. d3 Bg7 6. Nf3 O-O 7. O-O d6 8. Bd2
Bg4 9. h3 Bd7 10. Qc1 a6 11. Bg5 Rb8 12. a4 Nd4 13. Nxd4 cxd4 14. Nd5 Nxd5 15.
cxd5 Rc8 16. Qd2 f6 17. Bh6 Qb6 18. Bxg7 Kxg7 19. b4 Rc7 20. Kh2 Rfc8 21. Ra2
Rc3 22. Rb1 Qc7 23. Rbb2 Rc1 24. a5 Qc3 25. g4 Qxd2 26. Rxd2 R8c3 27. Rab2 Ba4
28. Kg3 Rg1 1/2-1/2

[Event "4NCL Division 3 North"]
[Site "Bolton, ENG"]
[Date "2019.02.10"]
[Round "6.76"]
[White "Skipworth, John C"]
[Black "Wilson, Jeff"]
[Result "1-0"]
[WhiteElo "1457"]
[BlackElo "1427"]
[PlyCount "73"]
[EventDate "2019.02.10"]
[WhiteTeam "Bolton & Worsley"]
[BlackTeam "Manchester Manticores 4"]

1. e4 e5 2. Nf3 Nc6 3. Bb5 a6 4. Ba4 Nf6 5. d3 b5 6. Bb3 h6 7. O-O Bc5 8. h3 d6
9. c3 O-O 10. Be3 Bxe3 11. fxe3 Bb7 12. Nbd2 Ne7 13. Rf2 Ng6 14. Nf1 c5 15. Ng3
d5 16. exd5 Bxd5 17. e4 Bxb3 18. axb3 Qb6 19. Qd2 Rad8 20. Qe3 Qc6 21. Nf5 Kh7
22. Raf1 Nf4 23. Nxe5 Qe6 24. Qxf4 Nh5 25. Qh2 f6 26. g4 fxe5 27. gxh5 g5 28.
hxg6+ Qxg6+ 29. Rg2 Qe8 30. Rg7+ Kh8 31. Qd2 Qh5 32. Kh2 c4 33. bxc4 bxc4 34.
d4 exd4 35. cxd4 Rde8 36. Qg2 Rb8 37. Rh7+ 1-0